000 00827nam a2200253Ia 4500
003 OSt
005 20220923231031.0
006 a|||||r|||| 00| 0
007 ta
008 220922b |||||||| |||| 00| 0 pan d
020 _c245
024 _a354,964
037 _b1391, 28/12/2021, H.K. Prakashan
_cTextual
040 _aARTS
_cARTS
_bpan
041 _2pan
_apan
082 _aO1,1x, 153R1
100 _aਚੌਹਾਨ, ਗੁਰਦੇਵ, ੳਗ.
_9156349
245 0 _aਨਵੀ੍ਵ ਵਿFਵ ਕਵਿਤਾ
260 _aਪਟਿਆਲਾ
_b ਆੰਟਮ ਆਰਟ
_c2021
300 _a211ਪ੍ਰ0
_ccm.
650 _aਵਿFਵ ਸਾਹਿਤ
942 _hO1,1x, 153R1
_cTEXL
_2CC
999 _c388908
_d388908